| 000 | 01062nam a2200277Ia 4500 | ||
|---|---|---|---|
| 999 |
_c5733 _d5733 |
||
| 003 | OSt | ||
| 005 | 20200625195747.0 | ||
| 008 | 191128s1967 mx ad gr 000 0 spa d | ||
| 040 |
_aCO-JMCR _cCO-JMCR |
||
| 041 | 1 |
_aspa _heng |
|
| 082 | 0 | 4 |
_a330.156 / _bK968i _223 |
| 100 | 1 |
_aKurihara, Kenneth. K., _eautor _96242 |
|
| 245 | 1 | 0 |
_aIntroducción a la dinámica keynesiana / _cKenneth K. Kurihara ; traducción al español Francisco Rostro |
| 250 | _aPrimera edición | ||
| 260 |
_aMéxico : _bFondo de Cultura Económica, _c1967. |
||
| 300 |
_a225 páginas : _bgráficos a blanco y negro ; _c20 cm. |
||
| 490 | 0 | _aSección de obras de economía | |
| 505 | 0 | _aRelaciones funcionales básicas -- Conducta dinámica del ingreso -- Dinámica económica secular | |
| 534 | _pIntroduction to Keynesian dynamics | ||
| 546 | _aTraducido del inglés | ||
| 650 | 1 | 4 |
_aKeynes, John Maynard, _y1883-1946 _96243 |
| 650 | 2 | 4 |
_aTeoría económica _96244 |
| 650 | 2 | 4 |
_aEstadística _xdinámica _96245 |
| 700 | 1 |
_aRostro, Francisco, _etraductor _96047 |
|
| 942 |
_2ddc _cBK |
||